Alice in Chains Songs: Sudden Death rules - Statistics

General Stats
  • This quiz has been taken 457 times
    175 since last reset
  • The average score is 13 of 15
Answers on the Grid
Answers color-coded by a green-red scale on the quiz's grid according to % correct below.
About a Girl
All Apologies
Black
Bleed the Freak
Black Gives Way to Blue
Burden in My Hand
Corduroy
Daughter
Dissident
Down in a Hole
Fell on Black Days
Grind
Heart Shaped Box
Heaven Beside You
I Stay Away
In Bloom
Jeremy
Man in the Box
No Excuses
Nutshell
Pennyroyal Tea
Rain When I die
Rooster
Rusty Cage
Sea of Sorrow
Spoonman
Superunknown
Them Bones
We Die Young
Would?
 
Answer Stats
Answer % Correct
Down in a Hole
99%
Nutshell
92%
Would?
92%
Bleed the Freak
91%
Man in the Box
90%
Them Bones
90%
I Stay Away
89%
Rooster
89%
Heaven Beside You
84%
No Excuses
84%
We Die Young
83%
Rain When I die
80%
Sea of Sorrow
78%
Black Gives Way to Blue
75%
Grind
67%
No matching quizzes found
Score Distribution
Percent of People with Each Score
Percentile by Number Answered
Your Score History
You have not taken this quiz since the last reset